000195686 001__ 195686
000195686 005__ 20170421210217.0
000195686 0247_ $$2I:(DE-Juel1)JSC-20090406$$aG:(DE-Juel1)pr84ma_20141101
000195686 035__ $$aG:(DE-Juel1)pr84ma_20141101
000195686 150__ $$aHow does the HIV Virus Hijack the Human Nuclear Pore Complex?$$y2014-11-01 - 2016-10-31
000195686 371__ $$aGrubmüller, Helmut$$bGöttingen$$cMax-Planck-Institut für biophysikalische Chemie$$dGermany$$e37077
000195686 372__ $$aHow does the HIV Virus Hijack the Human Nuclear Pore Complex?$$s2014-11-01$$t2016-10-31
000195686 5101_ $$aGCS$$wt
000195686 680__ $$aJSC computation time grant
000195686 681__ $$aBiophysik
000195686 909CO $$ooai:juser.fz-juelich.de:819137$$pauthority$$pauthority:GRANT
000195686 909CO $$ooai:juser.fz-juelich.de:819137
000195686 980__ $$aG
000195686 980__ $$aAUTHORITY